Chemistry & chemical reactivity
This is book provide a broad overview of the principles of chemistry and the reactivity of chemical elements and compounds.
Guardado en:
| Autor principal: | |
|---|---|
| Formato: | Libro |
| Lenguaje: | Undetermined |
| Publicado: |
Philadelphia
Saunders College Pub.
1987
|
| Materias: | |
| Etiquetas: |
Agregar Etiqueta
Sin Etiquetas, Sea el primero en etiquetar este registro!
|
| Thư viện lưu trữ: | Trung tâm Học liệu Trường Đại học Cần Thơ |
|---|
| LEADER | 00647nam a2200193Ia 4500 | ||
|---|---|---|---|
| 001 | CTU_220375 | ||
| 008 | 210402s9999 xx 000 0 und d | ||
| 082 | |a 540 | ||
| 082 | |b K87 | ||
| 100 | |a Kotz, John C. | ||
| 245 | 0 | |a Chemistry & chemical reactivity | |
| 245 | 0 | |c John C. Kotz, Keith F. Purcell | |
| 260 | |a Philadelphia | ||
| 260 | |b Saunders College Pub. | ||
| 260 | |c 1987 | ||
| 520 | |a This is book provide a broad overview of the principles of chemistry and the reactivity of chemical elements and compounds. | ||
| 650 | |a Hóa học,Chemistry | ||
| 904 | |i Gia Linh,Hải | ||
| 980 | |a Trung tâm Học liệu Trường Đại học Cần Thơ | ||